[Event "GER-ch (Women)"]
[Site "Ostfildern"]
[Date "2024.08.25"]
[Round "9"]
[White "Moutaqi, Sandra"]
[Black "Albayrak, Aylin"]
[Result "1-0"]
[WhiteElo "1961"]
[BlackElo "1741"]
[PlyCount "77"]
[EventDate "2024.08.19"]
[EventType "swiss"]
[EventRounds "9"]
[EventCountry "GER"]
[SourceTitle "CBM 221 Extra"]
[Source "ChessBase"]
[SourceDate "2024.09.30"]
[SourceVersion "1"]
[SourceVersionDate "2024.09.30"]
[SourceQuality "1"]

1. d4 Nf6 2. c4 g6 3. Nc3 Bg7 4. e4 d6 5. Nf3 0-0 6. Be2 e5 7. d5 a5 8. 0-0 Na6 9. Bg5 h6 10. Bh4 Qe8 11. Qc1 Nc5 12. Bxf6 Bxf6 13. Qxh6 Qe7 14. Qe3 Kg7 15. Rfe1 Rh8 16. Bf1 Bg4 17. Ne2 Rh6 18. h3 Rah8 19. Ng3 Bxf3 20. Qxf3 Bg5 21. Qc3 b6 22. Rad1 Rh4 23. Qc2 R8h6 24. Nh1 Nd7 25. g3 R4h5 26. f3 f5 27. exf5 gxf5 28. g4 fxg4 29. fxg4 Rh4 30. Ng3 Qf6 31. Nf5+ Kh8 32. Nxh6 Qxh6 33. Kf2 Nf6 34. Qf5 Nxg4+ 35. hxg4 Rh2+ 36. Kf3 Qh4 37. Qf8+ Kh7 38. Bd3+ e4+ 39. Bxe4# 1-0

[Event "GER-ch (Women)"]
[Site "Ostfildern"]
[Date "2024.08.21"]
[Round "4"]
[White "Albayrak, Aylin"]
[Black "Koeberl, Christiane"]
[Result "1-0"]
[WhiteElo "1741"]
[BlackElo "1745"]
[PlyCount "77"]
[EventDate "2024.08.19"]
[EventType "swiss"]
[EventRounds "9"]
[EventCountry "GER"]
[SourceTitle "CBM 221 Extra"]
[Source "ChessBase"]
[SourceDate "2024.09.30"]
[SourceVersion "1"]
[SourceVersionDate "2024.09.30"]
[SourceQuality "1"]

1. d4 Nf6 2. c4 e5 3. dxe5 Ng4 4. Nf3 Bc5 5. e3 Bb4+ 6. Bd2 Bxd2+ 7. Qxd2 Nc6 8. Nc3 Ngxe5 9. Be2 d6 10. 0-0 0-0 11. Rad1 Be6 12. Nd5 a5 13. a3 a4 14. Nd4 Na5 15. Qc3 c6 16. Nxe6 fxe6 17. Nf4 Qe7 18. c5 Nf7 19. cxd6 Nxd6 20. Qb4 Rfd8 21. Qxa4 e5 22. Nh5 Qe6 23. Qh4 Re8 24. Rd3 Nac4 25. Rb1 Qg6 26. Rdd1 Ra4 27. Qh3 Nd2 28. Rbc1 N2e4 29. Bd3 Qf7 30. Bxe4 Nxe4 31. Qf3 Qe7 32. b4 Ng5 33. Qg4 Rxa3 34. Rd7 Nf3+ 35. gxf3 Qf8 36. Rxg7+ Kh8 37. Kh1 Ra2 38. Rg1 Rxf2 39. Nf6 1-0

[Event "GER-ch (Women)"]
[Site "Ostfildern"]
[Date "2024.08.20"]
[Round "2"]
[White "Just, Anita"]
[Black "Albayrak, Aylin"]
[Result "1-0"]
[WhiteElo "1871"]
[BlackElo "1741"]
[PlyCount "93"]
[EventDate "2024.08.19"]
[EventType "swiss"]
[EventRounds "9"]
[EventCountry "GER"]
[SourceTitle "CBM 221 Extra"]
[Source "ChessBase"]
[SourceDate "2024.09.30"]
[SourceVersion "1"]
[SourceVersionDate "2024.09.30"]
[SourceQuality "1"]

1. e4 c5 2. Nf3 e6 3. d4 cxd4 4. Nxd4 Nc6 5. Nc3 a6 6. Nxc6 bxc6 7. Bd3 Nf6 8. Qe2 Bb4 9. Bd2 0-0 10. 0-0 d5 11. e5 Nd7 12. a3 Ba5 13. b4 Bc7 14. f4 a5 15. Rab1 axb4 16. axb4 Bb6+ 17. Kh1 Bb7 18. Qh5 g6 19. Qh6 Qe7 20. Ne2 Rfb8 21. Bc3 Qf8 22. Qg5 Bd8 23. Qg4 Ba6 24. f5 Bxd3 25. cxd3 exf5 26. Rxf5 Qe7 27. Rbf1 f6 28. exf6 Qf7 29. R5f2 c5 30. bxc5 Nxc5 31. Nf4 Ra4 32. Qg3 d4 33. Nxg6 hxg6 34. Qxb8 Ne6 35. Bb4 Kh7 36. Rf3 g5 37. Be7 Bc7 38. Rh3+ Kg6 39. Qh8 Nf4 40. Qh6+ Kf5 41. Qh7+ Ke6 42. Re1+ Be5 43. Qxf7+ Kxf7 44. Rh7+ Ke8 45. Bd6 Nxd3 46. f7+ Kd7 47. f8Q+ 1-0

[Event "BL2 Sued 2223 (Women)"]
[Site "Germany"]
[Date "2023.03.12"]
[Round "7.6"]
[White "Albayrak, Aylin"]
[Black "Scheynin, Julia"]
[Result "0-1"]
[WhiteElo "1652"]
[BlackElo "1969"]
[PlyCount "80"]
[EventDate "2022.10.15"]
[EventType "team-tourn"]
[EventRounds "7"]
[EventCountry "GER"]
[SourceTitle "EXT 2025"]
[Source "ChessBase"]
[SourceDate "2024.10.14"]
[SourceVersion "1"]
[SourceVersionDate "2024.10.14"]
[SourceQuality "1"]
[WhiteTeam "Nuernberg NT (W)"]
[BlackTeam "Karlsruhe (W)"]
[WhiteTeamCountry "GER"]
[BlackTeamCountry "GER"]

1. d4 d5 2. c4 e6 3. Nf3 Nf6 4. Bg5 Be7 5. Nc3 0-0 6. e3 b6 7. cxd5 Nxd5 8. Nxd5 exd5 9. Bxe7 Qxe7 10. Be2 Be6 11. Rc1 c5 12. Ne5 Rc8 13. 0-0 Nd7 14. Nxd7 Qxd7 15. Rc3 c4 16. f3 f5 17. Qc2 b5 18. a3 a5 19. b4 axb4 20. axb4 Ra4 21. Rb1 Qd6 22. Qb2 Rca8 23. Bd1 Ra2 24. Qc1 f4 25. Bc2 fxe3 26. Rxe3 Bf7 27. Qd1 Qf4 28. Qd2 Qd6 29. Qd1 Rxc2 30. Qxc2 Bg6 31. Qc1 Bxb1 32. Qxb1 Qf4 33. Re1 Qxd4+ 34. Kf1 Qf6 35. Qd1 d4 36. Qe2 d3 37. Qe4 Rd8 38. Rd1 Qd6 39. Qh4 c3 40. Ke1 c2 0-1

[Event "BL2 Sued 2223 (Women)"]
[Site "Germany"]
[Date "2022.10.15"]
[Round "1.6"]
[White "Albayrak, Aylin"]
[Black "Schaefer, Ann Kathrin"]
[Result "1-0"]
[WhiteElo "1652"]
[BlackElo "1689"]
[PlyCount "71"]
[EventDate "2022.10.15"]
[EventType "team-tourn"]
[EventRounds "7"]
[EventCountry "GER"]
[SourceTitle "EXT 2025"]
[Source "ChessBase"]
[SourceDate "2024.10.14"]
[SourceVersion "1"]
[SourceVersionDate "2024.10.14"]
[SourceQuality "1"]
[WhiteTeam "Nuernberg NT (W)"]
[BlackTeam "Augsburg (W)"]
[WhiteTeamCountry "GER"]
[BlackTeamCountry "GER"]

1. d4 Nf6 2. c4 g6 3. Nc3 Bg7 4. e4 d6 5. Nf3 0-0 6. Bg5 Nfd7 7. Be2 f6 8. Be3 e5 9. Qd2 a6 10. Bh6 Nc6 11. Bxg7 Kxg7 12. d5 Ne7 13. 0-0-0 Nc5 14. Ne1 f5 15. f3 Bd7 16. h4 f4 17. g3 b5 18. gxf4 Rxf4 19. Ng2 Rf6 20. h5 Qe8 21. hxg6 Rxg6 22. Rh2 Qf7 23. Rdh1 Rh8 24. b4 Nb7 25. f4 Kf8 26. Bh5 Qf6 27. Bxg6 Nxg6 28. f5 Ne7 29. Rxh7 Rg8 30. R1h6 Qg5 31. Qxg5 Rxg5 32. Ne3 Be8 33. Rf6+ Kg8 34. Rxe7 Bh5 35. Rxc7 Nd8 36. Rxd6 1-0

[Event "Mittelfranken Landesliga Nord 2122"]
[Site "Mittelfranken"]
[Date "2022.03.13"]
[Round "6.8"]
[White "Albayrak, Aylin"]
[Black "Riemer, Ralf"]
[Result "0-1"]
[WhiteElo "1659"]
[BlackElo "1989"]
[PlyCount "52"]
[EventDate "2021.10.24"]
[EventType "team-tourn"]
[EventRounds "9"]
[EventCountry "GER"]
[SourceTitle "EXT 2024"]
[Source "ChessBase"]
[SourceDate "2023.10.10"]
[SourceVersion "1"]
[SourceVersionDate "2023.10.10"]
[SourceQuality "1"]
[WhiteTeam "Nuernberg NT II"]
[BlackTeam "Bamberg"]
[WhiteTeamCountry "GER"]
[BlackTeamCountry "GER"]

1. d4 f5 2. c4 Nf6 3. Nc3 e6 4. g3 d5 5. Bg2 c6 6. Nf3 Bd6 7. 0-0 0-0 8. Bg5 b6 9. Ne5 Bb7 10. cxd5 exd5 11. Qb3 Nbd7 12. f4 Kh8 13. Bh3 c5 14. Bxf5 cxd4 15. Nxd7 dxc3 16. bxc3 Qe8 17. Bxf6 gxf6 18. Rfe1 Rf7 19. c4 Rxd7 20. Bxd7 Qxd7 21. Rad1 Bc5+ 22. e3 Rd8 23. Qb2 d4 24. e4 Qe6 25. Kf1 Bxe4 26. Qe2 Qh3+ 0-1

[Event "GER-chT Federal Cup (Women)"]
[Site "Braunfels"]
[Date "2021.10.23"]
[Round "4.8"]
[White "Albayrak, Aylin"]
[Black "Sereda, Yaroslava"]
[Result "1-0"]
[WhiteElo "1647"]
[BlackElo "1777"]
[PlyCount "103"]
[EventDate "2021.10.19"]
[EventType "team-tourn"]
[EventRounds "5"]
[EventCountry "GER"]
[SourceTitle "CBM 204 Extra"]
[Source "ChessBase"]
[SourceDate "2021.11.30"]
[SourceVersion "1"]
[SourceVersionDate "2021.11.30"]
[SourceQuality "1"]

1. d4 Nf6 2. c4 g6 3. Nc3 d5 4. Nf3 Bg7 5. cxd5 Nxd5 6. e4 Nxc3 7. bxc3 c5 8. Rb1 Nc6 9. Bb5 0-0 10. Be3 Qa5 11. 0-0 Rd8 12. Bxc6 bxc6 13. Qc2 Ba6 14. Rfd1 Bb5 15. Rd2 Rab8 16. Rc1 c4 17. e5 Ba4 18. Qe4 Qd5 19. Qh4 f6 20. Bh6 Rb6 21. Bxg7 Kxg7 22. exf6+ exf6 23. Re2 Rd7 24. Rce1 Rbb7 25. h3 Qf7 26. Nd2 Bc2 27. Re3 Bd3 28. Rg3 Re7 29. Ree3 Rb2 30. Nf3 Rxe3 31. fxe3 Rxa2 32. Kh2 Re2 33. Ng1 Rc2 34. Rf3 Rxc3 35. e4 Rc2 36. e5 f5 37. Rg3 Be4 38. Qh5 Rxg2+ 39. Rxg2 Bxg2 40. Qe2 Be4 41. Qd2 Qd5 42. Qc3 Kf7 43. Ne2 g5 44. Qb4 Ke6 45. Qf8 Qa5 46. Qf6+ Kd7 47. e6+ Kc8 48. e7 Qc7+ 49. Ng3 Kd7 50. Qf7 c3 51. e8Q+ Kd6 52. Qfe6# 1-0

[Event "GER-chT Federal Cup (Women)"]
[Site "Braunfels"]
[Date "2021.10.21"]
[Round "1.23"]
[White "Alferova, Emily"]
[Black "Albayrak, Aylin"]
[Result "0-1"]
[WhiteElo "1432"]
[BlackElo "1647"]
[PlyCount "72"]
[EventDate "2021.10.19"]
[EventType "team-tourn"]
[EventRounds "5"]
[EventCountry "GER"]
[SourceTitle "CBM 204 Extra"]
[Source "ChessBase"]
[SourceDate "2021.11.30"]
[SourceVersion "1"]
[SourceVersionDate "2021.11.30"]
[SourceQuality "1"]

1. d4 Nf6 2. Nf3 g6 3. Nbd2 Bg7 4. e4 d6 5. b4 0-0 6. c3 e5 7. d5 Ne8 8. Bd3 f5 9. 0-0 fxe4 10. Nxe4 Bg4 11. Be2 Nd7 12. Nfg5 Bf5 13. Ng3 h6 14. Nxf5 Rxf5 15. Ne6 Qh4 16. g3 Qe7 17. Bd3 Rf6 18. Qg4 Qf7 19. Qh4 Kh7 20. Be4 Rxe6 21. dxe6 Qxe6 22. Bxb7 Rb8 23. Bc6 Ndf6 24. Bg5 d5 25. Bxe8 Rxe8 26. g4 Nxg4 27. h3 Nf6 28. Bxf6 Bxf6 29. Qg4 Qe7 30. Rfe1 e4 31. Qg3 Be5 32. Qe3 Rf8 33. Qc5 Qg5+ 34. Kf1 Qh4 35. Qxf8 Qxh3+ 36. Ke2 Qd3# 0-1

[Event "Mittelfranken-chTB2b 1920"]
[Site "Mittelfranken"]
[Date "2020.02.16"]
[Round "6.8"]
[White "Ebert, Stefan"]
[Black "Albayrak, Aylin"]
[Result "0-1"]
[WhiteElo "1478"]
[BlackElo "1620"]
[PlyCount "47"]
[EventDate "2019.10.13"]
[EventType "team-tourn"]
[EventRounds "9"]
[EventCountry "GER"]
[SourceTitle "EXT 2023"]
[Source "ChessBase"]
[SourceDate "2022.10.05"]
[SourceVersion "1"]
[SourceVersionDate "2022.10.05"]
[SourceQuality "1"]
[WhiteTeam "Grossenseebach"]
[BlackTeam "Nuernberg NT IV"]
[WhiteTeamCountry "GER"]
[BlackTeamCountry "GER"]

1. d4 d5 2. c4 Nf6 3. Nc3 c6 4. Bf4 Bf5 5. Nf3 Qb6 6. Qb3 e6 7. e3 Bb4 8. a3 Bxc3+ 9. Qxc3 Ne4 10. Qb4 Nd7 11. Qxb6 Nxb6 12. cxd5 exd5 13. Nh4 Be6 14. f3 g5 15. fxe4 gxf4 16. exd5 Nxd5 17. e4 Ne3 18. Kd2 Rd8 19. Kc3 Rg8 20. Rg1 Rg4 21. Nf3 f5 22. e5 Bd5 23. Ne1 f3 24. h3 0-1

[Event "Mittelfranken-chTB2b 1920"]
[Site "Mittelfranken"]
[Date "2019.10.13"]
[Round "1.8"]
[White "Guttenberger, Constantin"]
[Black "Albayrak, Aylin"]
[Result "1-0"]
[WhiteElo "1616"]
[BlackElo "1620"]
[PlyCount "123"]
[EventDate "2019.10.13"]
[EventType "team-tourn"]
[EventRounds "9"]
[EventCountry "GER"]
[SourceTitle "EXT 2023"]
[Source "ChessBase"]
[SourceDate "2022.10.05"]
[SourceVersion "1"]
[SourceVersionDate "2022.10.05"]
[SourceQuality "1"]
[WhiteTeam "Stein SC"]
[BlackTeam "Nuernberg NT IV"]
[WhiteTeamCountry "GER"]
[BlackTeamCountry "GER"]

1. e4 e6 2. Nc3 c5 3. Bc4 Nc6 4. Nf3 Be7 5. 0-0 Nf6 6. d4 cxd4 7. Nxd4 0-0 8. Ndb5 a6 9. Nd6 b5 10. Bb3 b4 11. e5 Nxe5 12. Re1 Qc7 13. Nce4 Nxe4 14. Nxe4 d5 15. Ng5 h6 16. Bf4 Bd6 17. Nh3 Ng6 18. Bxd6 Qxd6 19. Qd4 Bb7 20. f4 Nh4 21. c4 bxc3 22. bxc3 Nf5 23. Qd3 Rfc8 24. Rec1 Qb6+ 25. Kh1 a5 26. Rab1 Qd8 27. c4 d4 28. Bd1 Ba6 29. Ng1 Rc5 30. Nf3 Rac8 31. Bb3 Qf6 32. Ne5 Rd8 33. Ba4 Rxe5 34. fxe5 Qxe5 35. Bb5 Bb7 36. Rb2 Ne3 37. Re1 Be4 38. Rxe3 Bxg2+ 39. Rxg2 Qxe3 40. Qxe3 dxe3 41. Re2 Rd1+ 42. Kg2 Rd2 43. Rxd2 exd2 44. Ba4 Kf8 45. Kf2 Ke7 46. Ke3 Kd6 47. Kxd2 Kc5 48. Kd3 f6 49. Bd7 Kd6 50. Be8 g5 51. Kd4 f5 52. c5+ Ke7 53. Bh5 Kd7 54. Kc4 f4 55. Kb5 e5 56. Kb6 e4 57. c6+ Kd6 58. c7 f3 59. c8Q Ke5 60. Qf8 Kd4 61. Bxf3 exf3 62. Qxf3 1-0

[Event "Nuremberg Zabo op 19th"]
[Site "Nuremberg"]
[Date "2017.09.17"]
[Round "5"]
[White "Langhammer, Stefan"]
[Black "Albayrak, Aylin"]
[Result "1-0"]
[WhiteElo "1909"]
[BlackElo "1613"]
[PlyCount "99"]
[EventDate "2017.09.15"]
[EventType "swiss"]
[EventRounds "5"]
[EventCountry "GER"]
[SourceTitle "EXT 2022"]
[Source "ChessBase"]
[SourceDate "2021.10.06"]
[SourceVersion "1"]
[SourceVersionDate "2021.10.06"]
[SourceQuality "1"]

1. d4 Nf6 2. Bf4 e6 3. e3 d5 4. c3 c5 5. Nd2 Nc6 6. Ngf3 Be7 7. h3 0-0 8. Bd3 Bd7 9. Ne5 cxd4 10. exd4 Rc8 11. Qe2 Qb6 12. Rb1 Qa5 13. a3 a6 14. 0-0 Nxe5 15. Bxe5 Ne8 16. Qh5 f5 17. Qe2 Bd6 18. f4 Qc7 19. Rbe1 Qd8 20. Nf3 Be7 21. Kh2 Bh4 22. g3 Be7 23. Rg1 Nf6 24. Bxf6 Rxf6 25. Ne5 Be8 26. Qc2 Rh6 27. Re3 g5 28. Kg2 gxf4 29. gxf4 Kf8 30. Kf1 Bf6 31. Qg2 Bf7 32. Nxf7 Kxf7 33. Rg3 Qf8 34. Bxf5 Bxd4 35. cxd4 Rc1+ 36. Kf2 Rxg1 37. Kxg1 exf5 38. Qxd5+ Re6 39. Qxf5+ Ke7 40. Qc5+ Rd6 41. Qc7+ Ke6 42. Re3+ Kf5 43. Qc5+ Kf6 44. Qg5+ Kf7 45. Qf5+ Kg7 46. Rg3+ Rg6 47. Rxg6+ hxg6 48. Qxf8+ Kxf8 49. Kf2 Ke7 50. Ke3 1-0

[Event "Nuremberg Zabo op 19th"]
[Site "Nuremberg"]
[Date "2017.09.16"]
[Round "2"]
[White "Denninger, Lovis"]
[Black "Albayrak, Aylin"]
[Result "0-1"]
[WhiteElo "1225"]
[BlackElo "1613"]
[PlyCount "48"]
[EventDate "2017.09.15"]
[EventType "swiss"]
[EventRounds "5"]
[EventCountry "GER"]
[SourceTitle "EXT 2022"]
[Source "ChessBase"]
[SourceDate "2021.10.06"]
[SourceVersion "1"]
[SourceVersionDate "2021.10.06"]
[SourceQuality "1"]

1. e4 e6 2. d4 d5 3. e5 c5 4. c4 dxc4 5. Bxc4 cxd4 6. Nf3 Nc6 7. Bf4 Bc5 8. Nbd2 Nge7 9. a3 Ng6 10. Bg5 f6 11. exf6 gxf6 12. Bh6 Bd7 13. Ne4 Qe7 14. 0-0 Bb6 15. b4 0-0-0 16. Rc1 Kb8 17. Qe2 Nce5 18. Nxf6 Qxf6 19. Nxe5 Nxe5 20. Qh5 Rhg8 21. f4 d3+ 22. Kh1 Nxc4 23. Bg5 Qb2 24. Bxd8 Qxg2# 0-1

[Event "Mittelfranken Mitte-ch"]
[Site "Nuremberg"]
[Date "2017.01.08"]
[Round "7"]
[White "Albayrak, Aylin"]
[Black "Thuerauf, Peter"]
[Result "0-1"]
[WhiteElo "1668"]
[BlackElo "1842"]
[PlyCount "82"]
[EventDate "2017.01.05"]
[EventType "swiss"]
[EventRounds "7"]
[EventCountry "GER"]
[SourceTitle "EXT 2018"]
[Source "ChessBase"]
[SourceDate "2017.10.13"]
[SourceVersion "1"]
[SourceVersionDate "2017.10.13"]
[SourceQuality "1"]

1. d4 d5 2. c4 e6 3. Nc3 Nf6 4. Bg5 Be7 5. e3 0-0 6. Nf3 b6 7. Be2 Nbd7 8. 0-0 h6 9. Bf4 c6 10. Rc1 Bb7 11. cxd5 exd5 12. a3 Nh5 13. Be5 f6 14. Bg3 Nxg3 15. fxg3 f5 16. Bd3 g6 17. Qe1 Kg7 18. h3 Nf6 19. Ne2 Bd6 20. Nf4 Bxf4 21. gxf4 Nd7 22. Qg3 Qe8 23. Nh4 Qe6 24. Qe1 Rae8 25. Rf3 Rf6 26. Kh2 h5 27. Qe2 Nf8 28. Rg1 Bc8 29. g4 hxg4 30. hxg4 fxg4 31. Rfg3 Qd6 32. Kh1 Rxf4 33. Qd2 Rf6 34. Be2 Rf2 35. Qe1 Qf6 36. Ng2 g5 37. Bxg4 Bxg4 38. Rxg4 Qf3 39. Kh2 Ng6 40. Rh1 Rh8+ 41. Kg1 Rxh1+ 0-1

[Event "Nuremberg Zabo op 18th"]
[Site "Nuremberg"]
[Date "2016.09.18"]
[Round "5"]
[White "Sikorsky, Horst"]
[Black "Albayrak, Aylin"]
[Result "1-0"]
[WhiteElo "1882"]
[BlackElo "1642"]
[PlyCount "65"]
[EventDate "2016.09.16"]
[EventType "swiss"]
[EventRounds "5"]
[EventCountry "GER"]
[SourceTitle "EXT 2018"]
[Source "ChessBase"]
[SourceDate "2017.10.13"]
[SourceVersion "1"]
[SourceVersionDate "2017.10.13"]
[SourceQuality "1"]

1. e4 e6 2. d4 d5 3. Nc3 c5 4. exd5 exd5 5. dxc5 d4 6. Nb5 Bxc5 7. Bf4 Na6 8. Bc4 Qf6 9. Qe2+ Ne7 10. Be5 d3 11. Bxd3 Qg5 12. f4 Qh4+ 13. g3 Qh6 14. 0-0-0 0-0 15. Bc4 Bf5 16. Nf3 Bg4 17. h3 Be6 18. Nd6 Bxd6 19. Bxd6 Rfe8 20. Bxe6 fxe6 21. Bxe7 Rxe7 22. Ne5 Rc8 23. Qd3 Qf6 24. Qd6 h6 25. Rd4 Rec7 26. c3 Nc5 27. Re1 b5 28. g4 Qh4 29. Red1 Qxh3 30. f5 Nb3+ 31. axb3 Rxc3+ 32. Kb1 Qe3 33. Qxe6+ 1-0

[Event "Mittelfranken Cup"]
[Site "Nuremberg"]
[Date "2016.03.05"]
[Round "1"]
[White "Albayrak, Aylin"]
[Black "Thuerauf, Peter"]
[Result "0-1"]
[WhiteElo "1726"]
[BlackElo "1842"]
[PlyCount "81"]
[EventDate "2016.03.05"]
[EventType "k.o."]
[EventRounds "4"]
[EventCountry "GER"]
[SourceTitle "EXT 2018"]
[Source "ChessBase"]
[SourceDate "2017.10.13"]
[SourceVersion "1"]
[SourceVersionDate "2017.10.13"]
[SourceQuality "1"]

1. d4 d5 2. c4 e6 3. Nc3 Nf6 4. Bf4 c6 5. Nf3 Qa5 6. Qb3 Ne4 7. a3 Nd7 8. cxd5 exd5 9. e3 Ndf6 10. Be2 Nxc3 11. Qxc3 Qxc3+ 12. bxc3 Bg4 13. c4 Bxf3 14. gxf3 Be7 15. Rg1 Rg8 16. cxd5 Nxd5 17. Be5 f6 18. Bg3 g6 19. e4 Nb6 20. Kd2 0-0-0 21. Ke3 Rge8 22. a4 Bf8 23. Kd3 Bc5 24. d5 cxd5 25. e5 fxe5 26. Rgc1 Nd7 27. Bh4 e4+ 28. fxe4 Rxe4 29. Bxd8 Kxd8 30. Bf3 Ne5+ 31. Kc2 Nxf3 32. Rd1 Nd4+ 33. Kd3 Rf4 34. Rab1 b6 35. a5 Rf3+ 36. Kd2 Rxf2+ 37. Kc3 Rf3+ 38. Rd3 Rf4 39. axb6 Bxb6 40. Rh3 h5 41. Re1 0-1